Представление документа в формате MARC21

Поле Инд. ПП Название Значение
Тип записи a
Библиографический уровень b
001 Контрольный номер RU/IS/BASE/325089705
005 Дата корректировки 20200522191409.0
008 Кодируемые данные 20100420
040 b Код языка каталог. rus
e Правила каталог. PSBO
041 0_ a Код языка текста rus
084 a Индекс другой классификации/Индекс ББК 81.411.2-3; 81.006.2; 71.083в; 81в
100 1_ a Автор Башкатова Д. А.
q Полное имя Башкатова Дарья Александровна
245 10 a Заглавие Оппозиция "тело - одежда" в русском языке
504 a Библиография Библиогр.: с. 187
520 0_ a Аннотация Статья посвящена некоторым аспектам проблемы отношений между телом и одеждой, как они осмысляются и вербализуются в разных сферах русской культуры. Проведенный анализ показал, что носители русского языка воспринимают одежду 1) как часть, продолжение тела человека и 2) как его внешнюю оболочку, защитную упаковку. Нагота человеческого тела неразрывно связана в русском языковом сознании с одеждой и воспринимается только на фоне одетости. На современном этапе развития русского языка активно осуществляется перенос предикатов одежды на субстантивы сферы телесности: носители русской культуры обнаруживают тенденцию говорить о теле в терминах одежды, т.е. используя тегименический код
650 04 a Основная рубрика культурология
a Основная рубрика общее языкознание
a Основная рубрика русский язык
a Основная рубрика социолингвистика
a Основная рубрика социология; типология культуры
a Основная рубрика филологические науки
a Основная рубрика философия
a Основная рубрика частное языкознание
a Основная рубрика языкознание
653 0_ a Ключевые слова когнитивная лингвистика
a Ключевые слова концептуальный анализ
a Ключевые слова культура
a Ключевые слова менталитет
a Ключевые слова мода
a Ключевые слова нагота
a Ключевые слова национальная культура
a Ключевые слова одежда
a Ключевые слова русский менталитет
a Ключевые слова семантика
a Ключевые слова тегимен
a Ключевые слова тегименология
a Ключевые слова тело
a Ключевые слова философия культуры
a Ключевые слова языковая картина мира
773 08 t Заглавие источника Вестник Московского университета. Серия 9, Филология
d Дата издания источника 2009
g Прочая информация № 4. - С. 177 - 187
w Контрольный № источника RU/IS/BASE/321796379
901 t Тип документа b